[Event "Toronto-ch Reserves"]
[Site "Toronto"]
[Date "2002.02.04"]
[Round "9"]
[White "Deslauriers, Brian"]
[Black "Paterson, Jim"]
[Result "0-1"]
[WhiteElo "1966"]
[BlackElo "1964"]
[PlyCount "122"]
[EventDate "2002.01.??"]
[EventType "tourn"]
[EventRounds "11"]
[EventCountry "CAN"]
[SourceTitle "EXT 2006"]
[Source "ChessBase"]
[SourceDate "2005.11.24"]
[SourceVersion "1"]
[SourceVersionDate "2005.11.24"]
[SourceQuality "1"]

1. c4 e6 2. g3 d5 3. Bg2 c6 4. b3 dxc4 5. Bb2 cxb3 6. Qxb3 Nf6 7. Nf3 Nbd7 8. 0-0 Bd6 9. d4 Qb6 10. Qc2 0-0 11. Nbd2 Re8 12. Nc4 Qc7 13. Nxd6 Qxd6 14. e4 Qe7 15. a4 h6 16. a5 Nb8 17. Rfe1 Na6 18. Ne5 Bd7 19. Rab1 Rec8 20. Nc4 Be8 21. Ba3 Qd7 22. Nd6 Rc7 23. Qd3 Nb8 24. Rb3 c5 25. Bxc5 Nc6 26. Qd2 e5 27. d5 Ne7 28. Ba3 Ng6 29. Reb1 Qa4 30. Bb4 Qd7 31. Ba3 Qa4 32. Nxe8 Nxe8 33. d6 Rd7 34. Bh3 Rdd8 35. Qd3 b6 36. Bf5 Qd4 37. Bxg6 fxg6 38. Rd1 Qxd3 39. Rdxd3 Nf6 40. f3 Nd7 41. Rd5 Kf7 42. axb6 axb6 43. Bb2 Ra2 44. Rd2 Ke6 45. Kf2 Rf8 46. h4 Rc8 47. Ke3 Rc6 48. Rbd3 Ra4 49. Rd5 Rc8 50. Ke2 g5 51. hxg5 hxg5 52. Ke3 Rh8 53. Rc2 Rh3 54. g4 Rb4 55. Rd3 Ra4 56. Rc7 Ra8 57. Rd5 Rf8 58. Bxe5 Rfxf3+ 59. Kd4 Rd3+ 60. Kc4 Nxe5+ 61. Rxe5+ Kxe5 0-1

[Event "Toronto-ch Reserves"]
[Site "Toronto"]
[Date "2002.01.19"]
[Round "4"]
[White "Haziprodromu, Sam"]
[Black "Deslauriers, Brian"]
[Result "0-1"]
[WhiteElo "1979"]
[BlackElo "1966"]
[PlyCount "113"]
[EventDate "2002.01.??"]
[EventType "tourn"]
[EventRounds "11"]
[EventCountry "CAN"]
[SourceTitle "EXT 2006"]
[Source "ChessBase"]
[SourceDate "2005.11.24"]
[SourceVersion "1"]
[SourceVersionDate "2005.11.24"]
[SourceQuality "1"]

1. e4 d6 2. d4 Nf6 3. Nc3 g6 4. h3 Bg7 5. Nf3 0-0 6. Be3 Nc6 7. Qd2 e5 8. d5 Ne7 9. 0-0-0 Bd7 10. g4 Qb8 11. Bd3 b5 12. Ne2 c5 13. dxc6 Bxc6 14. Ng3 d5 15. Bg5 dxe4 16. Bxf6 exd3 17. Bxg7 Bxf3 18. Qh6 f6 19. Bxf8 Qxf8 20. Qxf8+ Kxf8 21. Rxd3 Bxh1 22. Nxh1 Ke8 23. Rd6 Kf7 24. Ng3 f5 25. f3 a5 26. Nf1 Rc8 27. Ne3 Rc6 28. Rd8 Rc5 29. b3 f4 30. Nd1 Rd5 31. Rxd5 Nxd5 32. Kd2 Nb4 33. a3 Nc6 34. c3 Ke6 35. Nf2 Kd5 36. Kd3 h6 37. Ne4 Nd8 38. c4+ bxc4+ 39. bxc4+ Kc6 40. Nc3 Ne6 41. Nd5 Ng5 42. Ne7+ Kd6 43. Nxg6 Nxf3 44. h4 Ke6 45. a4 Kf6 46. h5 Ke6 47. c5 Kd5 48. Ne7+ Kxc5 49. Nf5 Ng5 50. Nxh6 Kb4 51. Nf5 Kxa4 52. h6 Kb3 53. Nd6 a4 54. Ne4 a3 55. Nxg5 a2 56. h7 e4+ 57. Kxe4 0-1